Role of soil temperature in control of denudative processes of different exposuers in karstic regions

Elmentve itt :
Bibliográfiai részletek
Szerző: Bárány Ilona
Dokumentumtípus: Cikk
Megjelent: 1975
Sorozat:Acta Universitatis Szegediensis : acta geographica 15
Kulcsszavak:Földrajztudomány
Online Access:http://acta.bibl.u-szeged.hu/3148
LEADER 00682nab a2200181 i 4500
001 acta3148
005 20210603140913.0
008 161015s1975 hu o 0|| eng d
022 |a 0324-5268 
040 |a SZTE Egyetemi Kiadványok Repozitórium  |b hun 
041 |a eng 
100 1 |a Bárány Ilona 
245 1 0 |a Role of soil temperature in control of denudative processes of different exposuers in karstic regions  |h [elektronikus dokumentum] /  |c  Bárány Ilona 
260 |c 1975 
300 |a 35-45 
490 0 |a Acta Universitatis Szegediensis : acta geographica  |v 15 
695 |a Földrajztudomány 
856 4 0 |u http://acta.bibl.u-szeged.hu/3148/1/geographica_015_035-045.pdf  |z Dokumentum-elérés